Countries and World Capitals Starting with M - Statistics

General Stats
  • This quiz has been taken 507 times
  • The average score is 28 of 37
Answer Stats
country / capital % Correct
Mexico
91%
Mexico City
91%
Mali
90%
Mauritania
88%
Madrid
87%
Mauritius
86%
Madagascar
84%
Malawi
84%
Monaco
84%
Monaco
84%
Malaysia
83%
Morocco
83%
Maldives
82%
Montenegro
82%
Mozambique
82%
Mongolia
81%
Myanmar
80%
Moscow
79%
Malta
77%
Macedonia
76%
Moldova
74%
Managua
73%
Marshall Islands
73%
Malé
72%
Montevideo
72%
Maputo
71%
Manama
69%
Minsk
67%
Manila
66%
Monrovia
64%
Mogadishu
62%
Muscat
62%
Maseru
59%
Moroni
57%
Majuro
56%
Mbabane
56%
Malabo
54%
No matching quizzes found
Score Distribution
Percent of People with Each Score
Percentile by Number Answered
Your Score History
You have not taken this quiz